000 00252nam a2200121Ia 4500
008 190216s9999||||xx |||||||||||||| ||und||
100 _aNull
245 0 _aHindi-Dhusari Kahani
260 _bRajkamal
300 _a175
650 _aHindi
942 _cBK
999 _c16162
_d16162